[Event "FRA-ch op-C"]
[Site "Aix les Bains"]
[Date "2003.08.28"]
[Round "9"]
[White "Andrzejewski, Frederic"]
[Black "Perrusset, Barbara"]
[Result "0-1"]
[WhiteElo "1570"]
[BlackElo "1640"]
[PlyCount "58"]
[EventDate "2003.08.19"]
[EventType "swiss"]
[EventRounds "9"]
[EventCountry "FRA"]
[SourceTitle "EXT 2004"]
[Source "ChessBase"]
[SourceDate "2003.11.25"]
[SourceVersion "1"]
[SourceVersionDate "2003.11.25"]
[SourceQuality "1"]

1. d4 d5 2. Nf3 Nf6 3. Bf4 Nc6 4. e3 e6 5. Bd3 b6 6. c3 Be7 7. Nbd2 0-0 8. Ne5 Bb7 9. g4 Nxe5 10. Bxe5 Nd7 11. Nf3 Bf6 12. Bxf6 Qxf6 13. g5 Qe7 14. Qc2 g6 15. Rg1 a5 16. h4 Ba6 17. 0-0-0 Bxd3 18. Qxd3 a4 19. a3 c5 20. h5 Rab8 21. h6 b5 22. Ne5 Nxe5 23. dxe5 b4 24. f4 bxa3 25. bxa3 c4 26. Qc2 Qxa3+ 27. Kd2 Rb2 28. Ra1 Rxc2+ 29. Kxc2 Qb3+ 0-1